000 00475nam a2200181Ia 4500
003 GCL
008 140319s9999 xx 000 0 eng d
040 _aGCL /
_cGCL
082 0 4 _a667.38
_bS T
100 1 _aSTOREY, JOYCE
245 1 0 _aTHE THAMES AND HUDSON MANUAL OF TEXTILE PRENTING /
_cSTOREY, JOYCE
260 _a[S.N] :
_bTHAMES AND HUDSON ،
_c1992
300 _a192 P
650 0 4 _aTEXTILE
650 0 4 _aPRINTING
650 0 4 _aTEXTILE PRINTING
942 _2ddc
_cBK
999 _c11925
_d11925